000
00293nam a2200121Ia 4500
008
190902s9999||||xx |||||||||||||| ||und||
020
_a
0-9630514-0-7
100
_a
Allen L. Wyatt
245
0
_a
Using Assembly Language
260
_a
India
_b
The McGraw-Hill
_c
1992
300
_a
1126
942
_c
BK
999
_c
2734
_d
2734